• 首页
  • 本馆介绍
  • 公告通知
  • 最新文献
  • 馆藏检索
  • 电子资源
  • 读者导购
  • 参考咨询
  • 我的图书馆
  • 登录
  • 详细信息显示
  • 放入我的书架
  • 预约/预借图书
  • 作者相关作品
  • 分类相关作品
  • 丛书相关作品
  • 出版社相关作品

书目信息

  • 表格格式
  • 工作单格式
  • 卡片格式
题名:
汽车发动机原理
    
 
作者: 颜伏伍 主编
分册:  
出版信息: 北京   机械工业出版社  2020.1
页数: 300页
开本: 26cm
丛书名:
单 册:
中图分类: U464.01
科图分类:
主题词: 汽车--发动机--理论--高等教育--教材
电子资源:
ISBN: 978-7-111-57975-5
000 01140nam0 2200289 45
001 012001001848
005 20211013152556.08
010    @a978-7-111-57975-5@dCNY49.80
100    @a20180209d2018 em y0chiy50 ea
101 0  @achi
102    @aCN@b110000
105    @aa z 000yy
106    @ar
200 1  @a汽车发动机原理@Aqi che fa dong ji yuan li@b专著@f颜伏伍主编
205    @a4版
210    @a北京@c机械工业出版社@d2020.1
215    @a300页@c图@d26cm
300    @a“十三五”国家重点出版物出版规划项目 现代机械工程系列精品教材 普通高等教育“十三五”汽车类规划教材
300    @a并列题名:Automobile engine principle
312    @a封面英文题名:Automobile engine principle
330    @a本书的主要内容包括:汽车拖拉机发动机性能评价、基本工作过程(包括换气过程及混合气形成和燃烧过程)、特性、增压、排气污染与噪声控制(包括排气污染物生成机理与控制和噪声控制),以及新型汽车动力装置等。
510 1  @aAutomobile engine principle@zeng
606 0  @a汽车@x发动机@x理论@x高等教育@j教材
690    @aU464.01@v5
701  0 @a颜伏伍@Ayan fu wu@f(1967~)@4主编
801  0 @aCN@bBJSDL@c20211011
905    @b1337452-5@dU464.01@e1071=4@f4
    
    汽车发动机原理/颜伏伍主编.-4版.-北京:机械工业出版社,2020.1
    300页:图;26cm
    “十三五”国家重点出版物出版规划项目 现代机械工程系列精品教材 普通高等教育“十三五”汽车类规划教材.-并列题名:Automobile engine principle
    
    ISBN 978-7-111-57975-5:CNY49.80
    本书的主要内容包括:汽车拖拉机发动机性能评价、基本工作过程(包括换气过程及混合气形成和燃烧过程)、特性、增压、排气污染与噪声控制(包括排气污染物生成机理与控制和噪声控制),以及新型汽车动力装置等。
●
相关链接 在E读中查询图书 在五车中查询图书 在当当中查询图书 在豆瓣中查询图书


正题名:汽车发动机原理     索取号:U464.01/1071=4         预约/预借

序号 登录号 条形码 馆藏地/架位号 状态 备注
1 1337452   213374524   第二样本阅览室/ [索取号:U464.01/1071=4] 在馆    
2 1337453   213374533   第三借阅区/ [索取号:U464.01/1071=4] 在馆    
3 1337454   213374542   第三借阅区/ [索取号:U464.01/1071=4] 在馆    
4 1337455   213374551   第三借阅区/ [索取号:U464.01/1071=4] 在馆    
唐山师范学院图书馆 欢迎您!
大连网信软件有限公司© 版权所有